| 000 | 01156cam a2200289 a 4500 | ||
|---|---|---|---|
| 999 |
_c233541 _d233541 |
||
| 001 | 15732688 | ||
| 003 | Nust | ||
| 005 | 20170308160116.0 | ||
| 008 | 090511s2009 ilu 000 1 eng | ||
| 010 | _a 2009019076 | ||
| 020 | _a9780747264866 | ||
| 040 |
_aDLC _cDLC _dDLC |
||
| 043 | _ae-uk-en | ||
| 050 | 0 | 0 |
_aPR6063.A395 _bM54 2009 |
| 082 | 0 | 0 |
_a823.914 _bMAN |
| 100 | 1 | _aMansell, Jill. | |
| 245 | 1 | 0 |
_aMillie's fling / _cJill Mansell. |
| 260 |
_aNaperville, Ill. : _bSourcebooks Casablanca, _c2001. |
||
| 300 |
_a566 p. ; _c21 cm. |
||
| 650 | 0 |
_aSingle women _vFiction. |
|
| 650 | 0 |
_aFemale friendship _vFiction. |
|
| 650 | 0 |
_aMate selection _vFiction. |
|
| 650 | 0 |
_aDating (Social customs) _vFiction. |
|
| 650 | 7 |
_aLove stories. _2gsafd |
|
| 651 | 0 |
_aCornwall (England : County) _vFiction. |
|
| 906 |
_a7 _bcbc _corignew _d1 _eecip _f20 _gy-gencatlg |
||
| 942 |
_2ddc _cBK |
||